Normal view
MARC view
- Saghir ,Maryam
Entry Personal Name
001 - CONTROL NUMBER
- control field: 122417
003 - CONTROL NUMBER IDENTIFIER
- control field: NUST
005 - DATE AND TIME OF LATEST TRANSACTION
- control field: 20240422153903.0
008 - FIXED-LENGTH DATA ELEMENTS
- fixed length control field: 240422|| aca||aabn | a|a d
040 ## - CATALOGING SOURCE
- Original cataloging agency: NUST
- Transcribing agency: NUST
100 ## - HEADING--PERSONAL NAME
- Personal name: Saghir ,Maryam
670 ## - SOURCE DATA FOUND
- Source citation: Work cat.: (NUST): Saghir ,Maryam, Fabrication and mechanical properties evaluation of NbC-Ni cermets reinforced with B4C and ZrB2 /
